01398nab a22002657a 4500999001500000003000400015005001700019008004100036040000700077100003000084245014300114260007300257300001300330500007300343505020500416505011000621505008900731650003500820650003500855650003300890650002700923700002900950773014000979942001301119 c6333d6333OSt20260130210933.0190603e xxum|||| |||| 00| 0 spa d cPJ 94602aVenini, Guillermina10aNuevamente el nombre reparando derechos fundamentales de la persona humana :blos justos motivos /cGuillermina Venini, Agustín Venini.  cCiudad Autónoma de Buenos Aires :aThomson Reuters La Ley, b2025. ap. 87-98 aCita: TR LALEY AR/DOC/2268/2025 Publicado en: RCCyC 2025 (Octubre). aSumario: I. Los hechos.— II. Nombre: atributo de la personalidad y derecho humano.— III. Nombre, identidad y justos motivos.— IV. El caso. La violencia y el abandono.— V. Reflexiones finales.  aFallo comentado: Unidad Procesal N° 10 de San Carlos de Bariloche ~ 03/07/2025 ~ P. H. N. Y. s/ nombre. t¿Te interesa el texto completo? Solicitalo al correo: koha@justierradelfuego.gov.ar 091497aCODIGO CIVIL Y COMERCIAL 09765aDERECHOS PERSONALÍSIMOS 092345aDERECHO A LA IDENTIDAD 095055aCAMBIO DE NOMBRE 97002aVenini, Agustín 0 0271393170dCiudad Autónoma de Buenos Aires : Thomson Reuters La Ley, 2015-tRevista Código Civil y Comercial. Nº 5 - Octubre 2025 2udccANA